<?xml version="1.0" encoding="UTF-8"?><?xml-stylesheet type="text/xsl" href="static/style.xsl"?><OAI-PMH xmlns="http://www.openarchives.org/OAI/2.0/" xmlns:xsi="http://www.w3.org/2001/XMLSchema-instance" xsi:schemaLocation="http://www.openarchives.org/OAI/2.0/ http://www.openarchives.org/OAI/2.0/OAI-PMH.xsd"><responseDate>2026-04-17T07:56:40Z</responseDate><request verb="GetRecord" identifier="oai:www.recercat.cat:11351/10069" metadataPrefix="marc">https://recercat.cat/oai/request</request><GetRecord><record><header><identifier>oai:recercat.cat:11351/10069</identifier><datestamp>2025-10-24T08:28:49Z</datestamp><setSpec>com_2072_451660</setSpec><setSpec>com_2072_378040</setSpec><setSpec>col_2072_451662</setSpec></header><metadata><record xmlns="http://www.loc.gov/MARC21/slim" xmlns:dcterms="http://purl.org/dc/terms/" xmlns:xsi="http://www.w3.org/2001/XMLSchema-instance" xmlns:doc="http://www.lyncode.com/xoai" xsi:schemaLocation="http://www.loc.gov/MARC21/slim http://www.loc.gov/standards/marcxml/schema/MARC21slim.xsd">
   <leader>00925njm 22002777a 4500</leader>
   <datafield ind2=" " ind1=" " tag="042">
      <subfield code="a">dc</subfield>
   </datafield>
   <datafield ind2=" " ind1=" " tag="720">
      <subfield code="a">Ordoñez Urgiles, Carlos Eduardo</subfield>
      <subfield code="e">author</subfield>
   </datafield>
   <datafield ind2=" " ind1=" " tag="720">
      <subfield code="a">Mora Guix, José María</subfield>
      <subfield code="e">author</subfield>
   </datafield>
   <datafield ind2=" " ind1=" " tag="720">
      <subfield code="a">Fabrés Martín, Carles</subfield>
      <subfield code="e">author</subfield>
   </datafield>
   <datafield ind2=" " ind1=" " tag="720">
      <subfield code="a">Ventura Parellada, Cristina</subfield>
      <subfield code="e">author</subfield>
   </datafield>
   <datafield ind2=" " ind1=" " tag="720">
      <subfield code="a">Herrero Antón de Vez, Hugo</subfield>
      <subfield code="e">author</subfield>
   </datafield>
   <datafield ind2=" " ind1=" " tag="720">
      <subfield code="a">Alonso-Rodriguez Piedra, Javier</subfield>
      <subfield code="e">author</subfield>
   </datafield>
   <datafield ind2=" " ind1=" " tag="260">
      <subfield code="c">2023-08-09T07:23:45Z</subfield>
   </datafield>
   <datafield ind2=" " ind1=" " tag="260">
      <subfield code="c">2023-08-09T07:23:45Z</subfield>
   </datafield>
   <datafield ind2=" " ind1=" " tag="260">
      <subfield code="c">2023-03</subfield>
   </datafield>
   <datafield ind2=" " ind1=" " tag="520">
      <subfield code="a">Arthroplasty; Patient care management; Telehealth</subfield>
   </datafield>
   <datafield ind2=" " ind1=" " tag="520">
      <subfield code="a">Artroplastia; Gestión de la atención al paciente; Telemedicina</subfield>
   </datafield>
   <datafield ind2=" " ind1=" " tag="520">
      <subfield code="a">Artroplàstia; Gestió de l'atenció al pacient; Telemedicina</subfield>
   </datafield>
   <datafield ind2=" " ind1=" " tag="520">
      <subfield code="a">Purpose: The study aimed to demonstrate the reduction in postoperative follow-up visit time for patients receiving total knee arthroplasty (TKA) or reverse total shoulder arthroplasty (RTSA) by implementing a novel asynchronous telemedicine system compared to face-to-face visits. The range of motion interobserver agreement and patient satisfaction were evaluated in the telemedicine group.&#xd;
Methods: A randomized controlled trial was conducted with a total of 28 patients with a mean age of 71 years (range 13.3). Patients were distributed into two study groups, TKA (n = 14) and RTSA (n = 14), and each group was randomly allocated into a face-to-face or virtual follow-up visit group. For the virtual group, software was designed including patient-specific model items (X-ray, range of motion and functional scores) for each arthroplasty. Functional assessment was conducted using the International Knee Documentation Committee (IKDC) score for TKA and American Shoulder and Elbow score (ASES) and Simple Shoulder Test (SST) for RTSA. The range of motion interobserver concordance was conducted in the virtual follow-up groups via an intraclass correlation coefficient. Finally, a satisfaction survey was performed in the virtual follow-up groups. Mann-Whitney U test was used for statistical analysis.&#xd;
Results: Mean time differences between face-to-face and virtual follow-ups were 502.5 s (95% CI 387.8-617.1; p &lt; 0.002) in the RTSA group and 710 s (95% CI 597.91-822; p &lt; 0. 002) in the TKA group. The range of motion interobserver concordance in the virtual group was 0.974 for TKA and 0.804 for RTSA. Finally, virtual follow-up satisfaction using the telematic method was 8.9 out of 10.&#xd;
Conclusion: The results of this study showed that a virtual follow-up using asynchronous telemedicine systems could reduce visit times, allow a correct articular range of motion evaluation and maintain satisfaction perception for patients. Asynchronous telemedicine could be an efficient method to conduct postoperative follow-up after knee and shoulder arthroplasty.</subfield>
   </datafield>
   <datafield ind1="8" ind2=" " tag="024">
      <subfield code="a">http://hdl.handle.net/11351/10069</subfield>
   </datafield>
   <datafield tag="653" ind2=" " ind1=" ">
      <subfield code="a">Artroplàstia</subfield>
   </datafield>
   <datafield tag="653" ind2=" " ind1=" ">
      <subfield code="a">Telemedicina</subfield>
   </datafield>
   <datafield tag="653" ind2=" " ind1=" ">
      <subfield code="a">Atenció centrada en el pacient</subfield>
   </datafield>
   <datafield tag="653" ind2=" " ind1=" ">
      <subfield code="a">ANALYTICAL, DIAGNOSTIC AND THERAPEUTIC TECHNIQUES, AND EQUIPMENT::Surgical Procedures, Operative::Orthopedic Procedures::Arthroplasty</subfield>
   </datafield>
   <datafield tag="653" ind2=" " ind1=" ">
      <subfield code="a">DISCIPLINES AND OCCUPATIONS::Health Occupations::Medicine::Telemedicine</subfield>
   </datafield>
   <datafield tag="653" ind2=" " ind1=" ">
      <subfield code="a">HEALTH CARE::Health Services Administration::Patient Care Management</subfield>
   </datafield>
   <datafield tag="653" ind2=" " ind1=" ">
      <subfield code="a">TÉCNICAS Y EQUIPOS ANALÍTICOS, DIAGNÓSTICOS Y TERAPÉUTICOS::intervenciones quirúrgicas::procedimientos ortopédicos::artroplastia</subfield>
   </datafield>
   <datafield tag="653" ind2=" " ind1=" ">
      <subfield code="a">DISCIPLINAS Y OCUPACIONES::profesiones sanitarias::medicina::telemedicina</subfield>
   </datafield>
   <datafield tag="653" ind2=" " ind1=" ">
      <subfield code="a">ATENCIÓN DE SALUD::administración de los servicios de salud::gestión de la atención al paciente</subfield>
   </datafield>
   <datafield ind2="0" ind1="0" tag="245">
      <subfield code="a">Telemedicine approach for patient follow-up after total knee and reverse total shoulder arthroplasty: a pilot study</subfield>
   </datafield>
</record></metadata></record></GetRecord></OAI-PMH>